000 00695nam a22002175i 4500
001 175943
003 ES-MaACL
005 20240205165155.0
008 101201s1965 sp o |||| | cat d
080 _a929 Picasso, Pablo
100 1 _aPalau i Fabre, Josep.
_988498
245 1 0 _aPicasso /
_cJosep Palau i Fabre.
260 _a[Barcelona] :
_bAlcides,
_cD. L. 1965.
300 _a78 p. , [1] h. :
_bfot. bl. y n. ;
_c18 cm.
490 1 _aBiografies populars ;
_v18
546 _aTexto en catalán.
600 1 4 _aPicasso, Pablo,
_d1881-1973
_991794
830 0 _aBiografies populars ;
_v18
_9189851
852 _aES-MaACL
_j2267-F-12
_xOlim P-81-bis
999 _c175943
_d175943